| 000 | | | 04376nmc2a22000003x 450 |
| 001 | | | 43bddf68-f536-4dba-bcba-a056d3bc82e3 |
| 005 | | | 20180927174011.0 |
| 100 | ## | $a | 20170331l19161916k l0rusy0189 ca |
| 101 | 0# | $a | rus |
| 102 | ## | $a | RU |
| 200 | 1# | $a | Представление главноуправляющего государственным здравоохранением Г.В. Рейна в Государственную думу с проектами учреждения Главного управления государственного здравоохранения, положения о его местных установлениях, штатов и расписания должностей |
| | $j | 5 декабря 1916 г. |
| 251 | ## | $c | Дело |
| 300 | ## | $a | Материалы, относящиеся к деятельности М.М. Алексеенко в 3 и 4 Государственных думах (по принятию отдельных законов и учреждению министерств, ведомств, банков, рассмотрению смет Государственного совета, Военного министерства |
| 300 | ## | $a | Печатный материал |
| 801 | #0 | $a | RU |
| | $b | РГИА |
| | $c | 20170331 |
| | $g | RCR |
| 801 | #1 | $a | RU |
| | $b | ГлавНИВЦ |
| | $c | 20170331 |
| | $2 | rusmarc |
| 801 | #2 | $a | RU |
| | $b | ПБ им. Б.Н. Ельцина |
| | $c | 20180927 |
| | $g | RCR |
| | $2 | rusmarc |
| 850 | ## | $a | РГИА |
| 852 | ## | $a | РГИА |
| | $e | Федеральное казенное учреждение "Российский государственный исторический архив" (РГИА) |
| | $j | 12 |
| 937 | ## | $h | РГИА |
| | $d | 12234306 |
| | $a | ASBIBLIO_SCAN |
| 462 | #0 | $1 | 001f4cc5ff3-a559-440c-b487-45d74f44b7e2 |
| | $1 | 2001 |
| | $a | Печатные отчеты, доклады и другие материалы о заседаниях Государственной думы, о деятельности государственного и других банков, Романовского комитета по обеспечению сирот и детей воинов; материалы к проекту переустройства Одесского порта и об организации Одесской фабрично-заводской художественной выставки |
| | $1 | 251 |
| | $c | Опись |
| | $1 | 852 |
| | $j | 1 |
| 461 | #0 | $1 | 001c208dac8-5ac4-4eeb-b5b1-f93dab802890 |
| | $1 | 2001 |
| | $a | Алексеенко Михаил Мартынович (1847-1917 гг.) |
| | $1 | 251 |
| | $c | Фонд |
| | $1 | 852 |
| | $j | 1616 |
| 215 | ## | $a | 115 л. |
| | $d | 36,5х26 см |
| 371 | ## | $a | Документ не является опубликованным и широко распространяемым |
| 105 | ## | $a | y### |
| 122 | 2# | $a | d |
| 035 | ## | $a | 43bddf68-f536-4dba-bcba-a056d3bc82e3 |
| 856 | ## | $u | http://readingroom.main.prlib.ru/item.aspx?id_node=n118683618&mode=full |